UBT Library

Children and young people's nursing : (Record no. 42866)

000 -LEADER
fixed length control field 00956cam a2200301 i 4500
001 - CONTROL NUMBER
control field 19016747
005 - DATE AND TIME OF LATEST TRANSACTION
control field 20180220032802.0
008 - FIXED-LENGTH DATA ELEMENTS--GENERAL INFORMATION
fixed length control field 160315s2017 flu b 001 0 eng
010 ## - LIBRARY OF CONGRESS CONTROL NUMBER
LC control number 2016012713
020 ## - INTERNATIONAL STANDARD BOOK NUMBER
International Standard Book Number 9781498734325 (pbk. : alk. paper)
020 ## - INTERNATIONAL STANDARD BOOK NUMBER
Cancelled/invalid ISBN 9781498734332 (e-book)
020 ## - INTERNATIONAL STANDARD BOOK NUMBER
Cancelled/invalid ISBN 9781498734349 (vital book)
020 ## - INTERNATIONAL STANDARD BOOK NUMBER
Cancelled/invalid ISBN 9781498734356 (epub)
035 ## - SYSTEM CONTROL NUMBER
System control number (DNLM)101678988
040 ## - CATALOGING SOURCE
Original cataloging agency DNLM/DLC
Transcribing agency DLC
Description conventions rda
Modifying agency DLC
041 ## - LANGUAGE CODE
Language code of text/sound track or separate title eng
042 ## - AUTHENTICATION CODE
Authentication code pcc
060 10 - NATIONAL LIBRARY OF MEDICINE CALL NUMBER
Classification number WY 159
080 ## - UNIVERSAL DECIMAL CLASSIFICATION NUMBER
Universal Decimal Classification number 618.9200231 mar
082 00 - DEWEY DECIMAL CLASSIFICATION NUMBER
Classification number 618.9200231 mar
Edition number 23
100 ## - Rafti
Rafti 3
101 ## - Shkurtesa
Shkurtesa shm
245 00 - TITLE STATEMENT
Title Children and young people's nursing :
Statement of responsibility, etc [edited by] Alyson Davies, Ruth Davies.
504 ## - BIBLIOGRAPHY, ETC. NOTE
Bibliography, etc Includes bibliographical references and index.
906 ## - LOCAL DATA ELEMENT F, LDF (RLIN)
a 7
b cbc
c orignew
d 1
e ecip
f 20
g y-gencatlg
942 ## - ADDED ENTRY ELEMENTS (KOHA)
Source of classification or shelving scheme
Item type Books
Holdings
Withdrawn status Lost status Source of classification or shelving scheme Damaged status Not for loan Permanent location Current location Date acquired Total Checkouts Full call number Barcode Date last seen Price effective from Koha item type
          UBT - Lipjan UBT - Lipjan 02/20/2018   618.9200231 mar 002-2998415 02/20/2018 02/20/2018 Books
UBT Library © 2015-2024. All rights reserved University Education for Business and Technology